000 00551nam a2200205Ia 4500
005 20250326144744.0
008 250326s9999 xx 000 0 und d
020 _a0-7895-5957-9
037 _aTextbook
040 _aFMSL
_beng
_cFMSL
041 _aeng
_2eng
084 _aD658(2:55) P2
_qFMSL
100 _aShelly G B
_9748563
245 0 _aSystems analysis and design
_cShelly G B And Others
250 _a4
260 _aUS
_bUS, Thompson
_c2001
300 _a512p
942 _cTB
_hD658(2:55) P2
999 _c1304901
_d1304901